Nederland - Gemeenten in Noord-Holland - Statistieken

Algemene statistieken
  • Deze quiz is 182 keer genomen
  • De gemiddelde score is 26 van 53
Antwoordstatistieken
Antwoord % Correct
Amsterdam
100%
Haarlem
96%
Alkmaar
87%
Den Helder
83%
Enkhuizen
76%
Hoorn
73%
Amstelveen
72%
Haarlemmermeer
71%
Hilversum
70%
Zaanstad
69%
Zandvoort
64%
Castricum
63%
Purmerend
62%
Beverwijk
61%
Bloemendaal
61%
Texel
61%
Schagen
58%
Diemen
54%
Heemskerk
54%
Bergen
53%
Edam-Volendam
51%
Medemblik
51%
Velsen
51%
Aalsmeer
50%
Heerhugowaard
50%
Bussum
48%
Hollands Kroon
48%
Weesp
48%
Heemstede
47%
Naarden
47%
Uitgeest
47%
Uithoorn
46%
Beemster
43%
Heiloo
43%
Huizen
40%
Blaricum
39%
Muiden
38%
Oostzaan
38%
Waterland
38%
Laren
37%
Landsmeer
30%
Ouder-Amstel
30%
Drechterland
29%
Stede Broec
29%
Opmeer
28%
Koggenland
24%
Wormerland
24%
Langedijk
22%
Wijdemeren
22%
Haarlemmerliede en Spaarnwoude
19%
Graft-De Rijp
17%
Schermer
17%
Zeevang
17%
Geen overeenkomende quizzen gevonden
Scoreverdeling
Procent van Mensen met Elke Score
Percentiel versus Aantal Correcte Antwoorden
Uw Scoregeschiedenis
U heeft deze quiz nog niet genomen